000 00335 a2200157 4500
001 67338
020 _a8524909625
040 _cAnchieta - Pituba
100 _aDias Sobrinho, José
240 1 0 _aAvaliação
_lpor
245 1 0 _aAvaliação
300 _a198
362 0 _a2003
650 4 _a.Ensino Superior no Brasil
942 _cBK
999 _c67338
_d67338